Pacto con tu nombre : (Registro nro. 15044)
[ vista simple ]
| 000 -LEADER | |
|---|---|
| fixed length control field | 01078nam a2200301 i 4500 |
| 003 - CONTROL NUMBER IDENTIFIER | |
| control field | DO-SdBNP |
| 005 - DATE AND TIME OF LATEST TRANSACTION | |
| control field | 20250509083819.0 |
| 007 - PHYSICAL DESCRIPTION FIXED FIELD--GENERAL INFORMATION | |
| fixed length control field | ta |
| 008 - FIXED-LENGTH DATA ELEMENTS--GENERAL INFORMATION | |
| fixed length control field | 240209b2023 dr ||||| |||| 00| 0 spa d |
| 020 ## - INTERNATIONAL STANDARD BOOK NUMBER | |
| International Standard Book Number | 9789945484601 |
| 040 ## - CATALOGING SOURCE | |
| Original cataloging agency | DO-SdBNP |
| Language of cataloging | spa |
| Transcribing agency | BPMSU |
| Description conventions | rda |
| 082 #4 - DEWEY DECIMAL CLASSIFICATION NUMBER | |
| Classification number | RD861.5 |
| Item number | M578p 2023 |
| Edition number | 22 |
| 100 ## - MAIN ENTRY--PERSONAL NAME | |
| Personal name | Mesa, Darihel, |
| Relator term | autor |
| 245 10 - TITLE STATEMENT | |
| Title | Pacto con tu nombre : |
| Remainder of title | poesía / |
| Statement of responsibility, etc. | Darihel Mesa ; edición, Ramón Mesa ; corrección, Ysabel Florentino. |
| 246 14 - VARYING FORM OF TITLE | |
| Title proper/short title | Pacto con tu nombre |
| 264 ## - PRODUCTION, PUBLICATION, DISTRIBUTION, MANUFACTURE, AND COPYRIGHT NOTICE | |
| Place of production, publication, distribution, manufacture | San Cristobal, República Dominicana : |
| Name of producer, publisher, distributor, manufacturer | Editores Flam, |
| Date of production, publication, distribution, manufacture, or copyright notice | 2023. |
| 300 ## - PHYSICAL DESCRIPTION | |
| Extent | 87 páginas : |
| Other physical details | ilustraciones ; |
| Dimensions | 23 cm. |
| 336 ## - CONTENT TYPE | |
| Content type term | texto |
| Content type code | txt |
| Source | rdacontent |
| 337 ## - MEDIA TYPE | |
| Media type term | sin mediación |
| Media type code | n |
| Source | rdamedia |
| 338 ## - CARRIER TYPE | |
| Carrier type term | volumen |
| Carrier type code | nc |
| Source | rdacarrier |
| 500 ## - GENERAL NOTE | |
| General note | Incluye datos biográficos del autor en las solapas |
| 590 ## - LOCAL NOTE (RLIN) | |
| Local note | Inventariado, 2025/VM |
| 650 #7 - SUBJECT ADDED ENTRY--TOPICAL TERM | |
| Topical term or geographic name as entry element | Poesías juveniles dominicanas |
| 700 1# - ADDED ENTRY--PERSONAL NAME | |
| Personal name | Mesa, Ramón, |
| Relator term | cuidado de edición |
| 700 1# - ADDED ENTRY--PERSONAL NAME | |
| Personal name | Florentino, Ysabel,, |
| Relator term | corrección de texto |
| 910 ## - USER-OPTION DATA (OCLC) | |
| User-option data | VMateo V. Control de calidad. BPMSU |
| 942 ## - ADDED ENTRY ELEMENTS (KOHA) | |
| Source of classification or shelving scheme | Dewey Decimal Classification |
| Koha item type | Libros |
| Withdrawn status | Lost status | Source of classification or shelving scheme | Damaged status | Not for loan | Collection code | Home library | Current library | Date acquired | Total Checkouts | Full call number | Barcode | Date last seen | Price effective from | Koha item type | Copy number |
|---|---|---|---|---|---|---|---|---|---|---|---|---|---|---|---|
| Dewey Decimal Classification | Colección Juvenil Dominicana | Biblioteca Pública Metropolitana Salomé Ureña | Biblioteca Pública Metropolitana Salomé Ureña | 05/09/2025 | BPMSU CJD RD861.5 M578p 2023 | BPMSU25050010 | 05/09/2025 | 05/09/2025 | Libros | ||||||
| Dewey Decimal Classification | Colección Juvenil Dominicana | Biblioteca Pública Metropolitana Salomé Ureña | Biblioteca Pública Metropolitana Salomé Ureña | 05/09/2025 | BPMSU CJD RD861.5 M578p 2023 | BPMSU25050011 | 05/09/2025 | 05/09/2025 | Libros | e.2 |